000 01096nam a2200289 4500
001 582629
005 20150521163950.0
007 000
008 000
010 _a 90046798
020 _a0070087121
040 _aUOEL
_cDLC
_dDLC
050 0 0 _aTK7871.99.M44
_bB83 1991
082 0 0 _a621.39/732
_220
100 1 _aBuchanan, James E.
_q(James Edgar),
_d1936-
245 1 0 _aBiCMOS/CMOS systems design /
_cJames E. Buchanan ; drawings by Bert D. Buchanan.
260 _aNew York :
_bMcGraw-Hill,
_cc1991.
300 _axiv, 322 p. :
_bill. ;
_c24 cm.
500 _aCompanion vol.: CMOS/TTL digital systems design.
504 _aIncludes bibliographical references and index.
650 0 _aMetal oxide semiconductors, Complementary
_xDesign and construction.
650 0 _aTransistor-transistor logic circuits
_xDesign and construction.
650 0 _aBipolar integrated circuits
_xDesign and construction.
906 _a7
_bcbc
_corignew
_d1
_eocip
_f19
_gy-gencatlg
942 _2lcc
_cLL
999 _c8272
_d8272